La fotografia de prensa : (Registro nro. 231636)

Detalles MARC
000 -LEADER
fixed length control field 01638nam a2200397Ii 4500
001 - CONTROL NUMBER
control field DIGDYK0053
003 - CONTROL NUMBER IDENTIFIER
control field NyNyDIG
008 - FIXED-LENGTH DATA ELEMENTS--GENERAL INFORMATION
fixed length control field 140104t20092009sp ob 000 0 spa d
006 - FIXED-LENGTH DATA ELEMENTS--ADDITIONAL MATERIAL CHARACTERISTICS
fixed length control field m o d
007 - PHYSICAL DESCRIPTION FIXED FIELD--GENERAL INFORMATION
fixed length control field cr |||||||||||
020 ## - INTERNATIONAL STANDARD BOOK NUMBER
International Standard Book Number 9788499825212
Qualifying information (eBook ;
-- pdf)
020 ## - INTERNATIONAL STANDARD BOOK NUMBER
International Standard Book Number 8499825214
Qualifying information (eBook ;
-- pdf)
020 ## - INTERNATIONAL STANDARD BOOK NUMBER
Canceled/invalid ISBN 9788498494402
020 ## - INTERNATIONAL STANDARD BOOK NUMBER
Canceled/invalid ISBN 8498494400
035 ## - SYSTEM CONTROL NUMBER
System control number (OCoLC)888342536
040 ## - CATALOGING SOURCE
Original cataloging agency DGITA
Language of cataloging eng
Description conventions rda
-- pn
Transcribing agency DGITA
100 1# - MAIN ENTRY--PERSONAL NAME
Personal name Torregrosa Carmona, Juan-Francisco,
Relator term author.
245 13 - TITLE STATEMENT
Title La fotografia de prensa :
Remainder of title una propuesta informativa y documental /
Statement of responsibility, etc. Juan-Francisco Torregrosa Carmona.
264 #1 - PRODUCTION, PUBLICATION, DISTRIBUTION, MANUFACTURE, AND COPYRIGHT NOTICE
Place of production, publication, distribution, manufacture Madrid :
Name of producer, publisher, distributor, manufacturer Universidad Rey Juan Carlos :
-- Dykinson S.L.,
Date of production, publication, distribution, manufacture, or copyright notice [2009]
264 #4 - PRODUCTION, PUBLICATION, DISTRIBUTION, MANUFACTURE, AND COPYRIGHT NOTICE
Date of production, publication, distribution, manufacture, or copyright notice ©2009
300 ## - PHYSICAL DESCRIPTION
Extent 1 online resource (102 pages)
336 ## - CONTENT TYPE
Content type term text
Content type code txt
Source rdacontent
337 ## - MEDIA TYPE
Media type term computer
Media type code c
Source rdamedia
338 ## - CARRIER TYPE
Carrier type term online resource
Carrier type code cr
Source rdacarrier
490 1# - SERIES STATEMENT
Series statement Ciencias de la comunicación ;
Volume/sequential designation 24
504 ## - BIBLIOGRAPHY, ETC. NOTE
Bibliography, etc. note Includes bibliographical references (pages 93-102).
588 0# - SOURCE OF DESCRIPTION NOTE
Source of description note Online resource; title from ePub and PDF title page (Digitalia, viewed January 3, 2014)
655 #0 - INDEX TERM--GENRE/FORM
Genre/form data or focus term Electronic books.
776 08 - ADDITIONAL PHYSICAL FORM ENTRY
Relationship information Print version:
Main entry heading Torregrosa Carmona, Juan-Francisco.
Title Fotografia de prensa.
Place, publisher, and date of publication Madrid : Universidad Rey Juan Carlos : Editorial Dykinson, [2009]
International Standard Book Number 9788498494402
793 0# -
-- Digitalia eBook Collection:
-- Dykinson Editorial.
791 2# -
-- Digitalia (Firm)
-- publisher.
830 #0 - SERIES ADDED ENTRY--UNIFORM TITLE
Uniform title Ciencias de la comunicación (Madrid, Spain) ;
Volume/sequential designation 24.
856 40 - ELECTRONIC LOCATION AND ACCESS
Materials specified Digitalia Hispánica
Uniform Resource Identifier <a href="https://www.digitaliapublishing.com/a/6425/">https://www.digitaliapublishing.com/a/6425/</a>
910 ## - USER-OPTION DATA (OCLC)
User-option data Premium Collection: 2013
942 ## - ADDED ENTRY ELEMENTS (KOHA)
Koha item type Recurso Electrónico
Existencias
Withdrawn status Lost status Damaged status Not for loan Collection Home library Current library Date acquired Total checkouts Date last seen Price effective from Koha item type
        Digitalia Ebooks Hispanica Biblioteca Digital UIN Biblioteca Digital UIN 04/25/2025   04/25/2025 04/25/2025 Recurso Electrónico

CONTACTO


NOSOTROS


SITIOS DE INTERES

coordinacion.biblioteca.biblioteca@unienlinea.mx Misión, Visión y Objetivos Bases de datos
Directorio Bibliotecas Digitales y Repositorios
Normatividad Revistas y artículos
Convenios interbibliotecarios
Boletines



Hecho en México. Universidad Insurgentes (UIN). Todos los derechos reservados 2024. Esta página y sus contenidos pueden ser reproducidos con fines no lucrativos, siempre y cuando no se mutile, se cite la fuente completa y su dirección electrónicas. De otra forma requiere permiso previo por escrito de la institución




2024 Copyright Universidad Insurgentes | www.bibliouin.com.mx